[Event "Prague International Open"]
[Site "Prague CZE"]
[Date "2022.06.11"]
[Round "3.3"]
[White "Stefansson, Hannes"]
[Black "Molenda, Marcin"]
[Result "1-0"]
[WhiteTitle "GM"]
[BlackTitle "FM"]
[WhiteElo "2532"]
[BlackElo "2368"]
[WhiteFideId "2300087"]
[BlackFideId "1173065"]
[EventDate "2022.06.10"]

1. e4 c5 2. Nf3 e6 3. b3 b6 4. d4 cxd4 5. Nxd4 Bb7 6. Nd2 d6 7. Bb2 Nf6 8. Bd3
Nbd7 9. O-O Be7 10. Re1 O-O 11. c4 a6 12. b4 Qc7 13. Rc1 Rac8 14. Bb1 Rfe8 15.
Qb3 Qb8 16. a3 d5 17. cxd5 Rxc1 18. Rxc1 exd5 19. exd5 Qf4 20. Nf1 Bxd5 21. Qg3
Bd6 22. Ne3 Ne4 23. Qxf4 Bxf4 24. Ndf5 Ndf6 25. g3 Bxe3 26. Nxe3 Ba8 27. Ba2 Ng5
28. Rc7 Ng4 29. h4 Nf3+ 30. Kf1 Nge5 31. Bxe5 Nxe5 32. f4 1-0

[Event "Prague International Open"]
[Site "Prague CZE"]
[Date "2022.06.11"]
[Round "3.4"]
[White "Mladek, Richard"]
[Black "Iniyan, P"]
[Result "1/2-1/2"]
[WhiteTitle "FM"]
[BlackTitle "GM"]
[WhiteElo "2361"]
[BlackElo "2518"]
[WhiteFideId "386588"]
[BlackFideId "25002767"]
[EventDate "2022.06.10"]

1. d4 Nf6 2. c4 e6 3. Nc3 Bb4 4. e3 O-O 5. Bd2 d5 6. Nf3 b6 7. Rc1 Bb7 8. cxd5
exd5 9. Bd3 a6 10. O-O Bd6 11. Ne5 c5 12. f4 Nc6 13. Ng4 Be7 14. dxc5 bxc5 15.
Bb1 g6 16. Na4 c4 17. Bc3 Nxg4 18. Qxg4 f5 19. Qf3 Na7 20. Rfd1 Bc6 21. b3 cxb3
22. axb3 Qb8 23. Be5 Qxb3 24. Nc3 Bf6 25. Ba2 Qb7 26. Nxd5 Bxe5 27. fxe5 Kh8 28.
Qf4 Rae8 29. Qd4 Bxd5 30. Bxd5 Qg7 31. e6 Nb5 32. Qc5 Re7 33. Bc6 Rxe6 34. Rd7
Re5 35. Qb6 Re7 36. Rcd1 Rxd7 37. Rxd7 Qa1+ 38. Kf2 Qb2+ 39. Kf3 f4 40. Rd8 Qf6
41. Rxf8+ 1/2-1/2

[Event "Prague International Open"]
[Site "Prague CZE"]
[Date "2022.06.11"]
[Round "3.5"]
[White "Simek, Petr2"]
[Black "Alsina Leal, Daniel"]
[Result "1/2-1/2"]
[WhiteTitle "FM"]
[BlackTitle "GM"]
[WhiteElo "2332"]
[BlackElo "2514"]
[WhiteFideId "319260"]
[BlackFideId "2252627"]
[EventDate "2022.06.10"]

1. d4 d5 2. c4 dxc4 3. e3 Nf6 4. Bxc4 e6 5. Nf3 c5 6. O-O a6 7. dxc5 Bxc5 8.
Qxd8+ Kxd8 9. Ne5 Ke7 10. Be2 Nbd7 11. Nc4 b6 12. Nbd2 a5 13. Nb3 Ba6 14. Nxc5
bxc5 15. b3 Rhb8 16. Ba3 a4 17. Rfb1 Nd5 18. Bf1 Nb4 19. Rc1 Bb5 20. Nb2 axb3
21. axb3 Bxf1 22. Kxf1 Na6 23. Na4 Ke8 24. Rc3 Nf6 25. Rac1 Ne4 26. R3c2 c4 27.
bxc4 Nc7 28. Nc3 Nxc3 29. Rxc3 Ra6 30. Bc5 e5 31. e4 Rc6 32. Be3 Ne6 33. c5 Rb4
34. Rc4 Rxc4 35. Rxc4 Kd7 36. Ke2 Ra6 37. Rb4 Kc7 38. Rb5 Ra2+ 39. Kf3 Ra3 40.
Ke2 Ra2+ 41. Kf3 Ra3 42. Ke2 1/2-1/2

[Event "Prague International Open"]
[Site "Prague CZE"]
[Date "2022.06.11"]
[Round "3.6"]
[White "Santiago, Yago De Moura"]
[Black "Sokolovsky, Yahli"]
[Result "1/2-1/2"]
[WhiteTitle "GM"]
[BlackTitle "FM"]
[WhiteElo "2509"]
[BlackElo "2366"]
[WhiteFideId "2103877"]
[BlackFideId "2820242"]
[EventDate "2022.06.10"]

1. d4 d5 2. c4 c6 3. cxd5 cxd5 4. Bg5 h6 5. Bh4 Qb6 6. Qd2 e5 7. Nc3 Be6 8. e3
exd4 9. exd4 Nc6 10. Bb5 Ne7 11. Bxe7 Bxe7 12. Nf3 O-O 13. Bxc6 Qxc6 14. O-O b5
15. Rac1 Qb7 16. Ne2 Rac8 17. Nf4 Bf5 18. Nd3 Bd6 19. Nc5 Qb8 20. g3 Rfe8 21.
Rfe1 Bg4 22. Qd3 b4 23. Qb3 Qa8 24. Rxe8+ Rxe8 25. Kg2 a5 26. Qd3 Qc8 27. Ng1 h5
28. Qb5 h4 29. h3 Bf5 30. g4 Bxg4 31. Ne4 Bxh3+ 32. Nxh3 Qg4+ 33. Ng3 Rf8 34.
Qe2 Qg6 35. Qh5 hxg3 36. Qxg6 fxg6 37. fxg3 Re8 38. Kf3 Be7 39. Nf4 Bf6 40. Nxd5
Bxd4 41. b3 Re5 42. Rc8+ Kh7 43. Rd8 Rf5+ 44. Ke4 Bf6 45. Ra8 Re5+ 46. Kd4 Rg5+
47. Ke4 Re5+ 48. Kd4 Rg5+ 49. Ke4 Re5+ 1/2-1/2

[Event "Prague International Open"]
[Site "Prague CZE"]
[Date "2022.06.11"]
[Round "3.7"]
[White "Costa, Leonardo"]
[Black "Sankalp, Gupta"]
[Result "1/2-1/2"]
[WhiteTitle "FM"]
[BlackTitle "GM"]
[WhiteElo "2325"]
[BlackElo "2505"]
[WhiteFideId "16213955"]
[BlackFideId "5097010"]
[EventDate "2022.06.10"]

1. e4 c6 2. d4 d5 3. e5 Bf5 4. Nd2 e6 5. Nb3 a6 6. Nf3 c5 7. dxc5 Bxc5 8. Nxc5
Qa5+ 9. c3 Qxc5 10. Nd4 Ne7 11. Be3 Qc7 12. f4 Nbc6 13. Be2 Nxd4 14. Bxd4 Be4
15. O-O O-O 16. Rc1 Nf5 17. Qd2 Qa5 18. a3 Rfc8 19. Bf2 Rc6 20. g4 Ne7 21. Qd4
b5 22. Be3 Rcc8 23. Qb6 Qa4 24. Qd4 Nc6 25. Qxa4 bxa4 26. Rf2 Rcb8 27. Bf1 Rb7
28. Rd1 Na5 29. Rd4 Nb3 30. Rxa4 a5 31. Bg2 f5 32. exf6 Bxg2 33. f7+ Kxf7 34.
Kxg2 Ke7 35. Bd4 Kd6 36. Be5+ Kc6 1/2-1/2

[Event "Prague International Open"]
[Site "Prague CZE"]
[Date "2022.06.11"]
[Round "3.8"]
[White "Stremavicius, Titas"]
[Black "Wagh, Suyog"]
[Result "1-0"]
[WhiteTitle "GM"]
[BlackTitle "FM"]
[WhiteElo "2495"]
[BlackElo "2352"]
[WhiteFideId "12804444"]
[BlackFideId "25071688"]
[EventDate "2022.06.10"]

1. c4 Nf6 2. Nc3 c5 3. Nf3 b6 4. e4 d6 5. d4 cxd4 6. Nxd4 Bb7 7. f3 e6 8. Be2 a6
9. Be3 Be7 10. Qd2 Nbd7 11. g4 O-O 12. g5 Ne8 13. O-O Nc7 14. f4 g6 15. Nb3 Re8
16. Rad1 Nc5 17. Nxc5 bxc5 18. Bf3 Qb8 19. h4 Bc6 20. h5 Qb4 21. b3 Rad8 22.
Rfe1 Bf8 23. h6 Qb7 24. Bf2 Qa8 25. Re3 Be7 26. Rd3 Qc8 27. Bg4 Qa8 28. Qb2 Bf8
29. Bf3 e5 30. Be3 Ne6 31. fxe5 dxe5 32. Nd5 Bxd5 33. exd5 Nd4 34. Bg4 Qb8 35.
Qf2 e4 36. Rxd4 cxd4 37. Bxd4 e3 38. Bxe3 Qc7 39. Kg2 Qe5 40. Bf4 Qe4+ 41. Qf3
Qc2+ 42. Rd2 Qb1 43. Qd3 Qc1 44. d6 Re1 45. Bf3 Rg1+ 46. Kh2 Re1 47. Qd4 Rf1 48.
Kg2 Rh1 49. Qf2 Re8 50. d7 Rd8 51. Rd4 Qb1 52. Bc7 Bc5 53. Bxd8 Bxd4 54. Bc7
Rg1+ 55. Kh2 1-0

[Event "Prague International Open"]
[Site "Prague CZE"]
[Date "2022.06.11"]
[Round "3.9"]
[White "Kulhanek, Tomas"]
[Black "Garriga Cazorla, Pere"]
[Result "0-1"]
[WhiteTitle "IM"]
[BlackTitle "IM"]
[WhiteElo "2324"]
[BlackElo "2495"]
[WhiteFideId "309656"]
[BlackFideId "32011601"]
[EventDate "2022.06.10"]

1. e4 c5 2. c3 d5 3. exd5 Nf6 4. d4 cxd4 5. Qxd4 Nxd5 6. Nf3 e6 7. Bb5+ Nc6 8.
O-O Bd7 9. Bxc6 Bxc6 10. Ne5 Qc7 11. Nxc6 Qxc6 12. Nd2 Ne7 13. Qe4 Rd8 14. Qxc6+
Nxc6 15. Nf3 f6 16. Be3 Bd6 17. Nd4 Nxd4 18. Bxd4 Bb8 19. Rfd1 Kf7 20. Be3 e5
21. f3 Ke6 22. Kf2 f5 23. g3 Rhg8 24. Ke2 Rxd1 25. Rxd1 g5 26. g4 f4 27. Bf2 h5
28. h3 Rh8 29. c4 Bc7 30. b4 Bd6 31. c5 Be7 32. a4 hxg4 33. hxg4 Rh2 34. Kf1 Rh3
35. Kg2 Rh8 36. c6 bxc6 37. Rc1 Bxb4 38. Rxc6+ Kd5 39. Ra6 Rc8 40. Bxa7 Rc2+ 41.
Kf1 e4 42. Rb6 Bc5 43. Rb7 Kc6 44. Rg7 Bxa7 45. Rxa7 e3 46. Rg7 Rf2+ 47. Ke1
Rxf3 48. Rxg5 Rg3 49. Re5 Kd6 50. Re4 Rxg4 51. a5 Kd5 52. Re8 Rg2 0-1

[Event "Prague International Open"]
[Site "Prague CZE"]
[Date "2022.06.11"]
[Round "3.10"]
[White "Karthik, Venkataraman"]
[Black "Garcia Martin, Marta"]
[Result "1-0"]
[WhiteTitle "GM"]
[BlackTitle "IM"]
[WhiteElo "2480"]
[BlackElo "2323"]
[WhiteFideId "25006479"]
[BlackFideId "32084030"]
[EventDate "2022.06.10"]

1. d4 d5 2. c4 e6 3. Nf3 Nf6 4. Nc3 a6 5. cxd5 exd5 6. Bg5 Be6 7. e3 Nbd7 8. Bd3
Bd6 9. O-O c6 10. Rc1 O-O 11. h3 Qc7 12. Bh4 h6 13. Qe1 Rfe8 14. Nd2 Qd8 15. f4
Nf8 16. Nf3 Be7 17. g4 c5 18. f5 Bc8 19. Bxf6 Bxf6 20. dxc5 Bd7 21. Qd2 Bc6 22.
Nd4 Qc7 23. Nce2 Re7 24. Rc3 Rae8 25. Bc2 Nh7 26. Nf4 Ng5 27. Kg2 Ne4 28. Bxe4
Rxe4 29. Rf3 Qa5 30. a3 Qa4 31. Nfe2 Bg5 32. Rd3 Qc4 33. Rc3 Qa4 34. b4 Bb5 35.
Ng3 R4e5 36. Nh5 Bc4 37. Qf2 Qd1 38. f6 Bxe3 39. Rcxe3 Qxd4 40. Rxe5 Qxe5 41.
fxg7 Re7 42. Qd2 Qa1 43. Re3 Re5 44. Kh2 Bb5 45. Nf4 Kxg7 46. Nxd5 Bc6 47. Rxe5
Qxe5+ 48. Nf4 a5 49. Kg3 axb4 50. axb4 h5 51. gxh5 Kh6 52. Qd6+ Qxd6 53. cxd6
Kg5 54. Nd5 1-0

[Event "Prague International Open"]
[Site "Prague CZE"]
[Date "2022.06.11"]
[Round "3.11"]
[White "Raja, Harshit"]
[Black "Lye, Lik Zang"]
[Result "1-0"]
[WhiteTitle "GM"]
[BlackTitle "FM"]
[WhiteElo "2479"]
[BlackElo "2321"]
[WhiteFideId "5089000"]
[BlackFideId "5712181"]
[EventDate "2022.06.10"]

1. e4 c6 2. Nf3 d5 3. Nc3 dxe4 4. Nxe4 Nf6 5. Qe2 Nxe4 6. Qxe4 Qa5 7. Qf4 Qf5 8.
Qe3 Qe6 9. b3 Qxe3+ 10. fxe3 Bf5 11. Bb2 f6 12. O-O-O Bg4 13. h3 Bxf3 14. gxf3
e5 15. h4 Nd7 16. Bh3 Rd8 17. Rhg1 Kf7 18. Rg2 g6 19. h5 Bh6 20. Rh1 Nb6 21. c4
Nd7 22. Bxd7 Rxd7 23. hxg6+ hxg6 24. Rgh2 Kg7 25. f4 exf4 26. exf4 Re7 27. Kc2
Re4 28. Rh4 c5 29. R1h2 Re6 30. a4 Re4 31. Bc3 Re6 32. a5 Re4 33. Kb2 Re6 34.
Ka3 Re4 35. Ka4 a6 36. R2h3 Re2 37. b4 cxb4 38. Kxb4 Re4 39. d3 Re6 40. Kb3 Ree8
41. Kb4 Re6 42. Bd4 Rd6 43. Bc3 Re6 44. d4 Ree8 45. d5 Rd8 46. Bxf6+ Kxf6 47.
Rxh6 Rxh6 48. Rxh6 Rd7 49. Kc5 Rc7+ 50. Kd4 Kf5 51. d6 Rg7 52. Kd5 Kf6 53. c5
Kf5 54. Rh8 Rf7 55. Re8 1-0

[Event "Prague International Open"]
[Site "Prague CZE"]
[Date "2022.06.11"]
[Round "3.12"]
[White "Sedlak, Nikola"]
[Black "Vojta, Tomas"]
[Result "1-0"]
[WhiteTitle "GM"]
[BlackTitle "FM"]
[WhiteElo "2477"]
[BlackElo "2318"]
[WhiteFideId "922900"]
[BlackFideId "308781"]
[EventDate "2022.06.10"]

1. Nf3 d5 2. g3 Nc6 3. d4 Bg4 4. Bg2 Qd7 5. O-O O-O-O 6. c3 h5 7. b4 f6 8. b5
Nb8 9. c4 dxc4 10. Qa4 h4 11. Qxa7 Qxb5 12. Nc3 Qa6 13. Qxa6 Nxa6 14. Nxh4 g5
15. Ng6 Rh7 16. Nxf8 Rxf8 17. Rb1 c6 18. d5 c5 19. f4 gxf4 20. Rxf4 f5 21. Rxc4
Nf6 22. Be3 Nd7 23. d6 b6 24. Ra4 Nab8 25. Ra7 exd6 26. Nb5 Rh5 27. h4 Rf6 28.
Bg5 Rxg5 29. hxg5 Re6 30. Nc3 Bxe2 31. Re1 Bc4 32. Rxe6 Bxe6 33. Bd5 Bxd5 34.
Nxd5 Ne5 35. Ne7+ Kd8 36. g6 1-0

[Event "Prague International Open"]
[Site "Prague CZE"]
[Date "2022.06.12"]
[Round "4.1"]
[White "Motylev, Alexander"]
[Black "Kozak, Antoni"]
[Result "1-0"]
[WhiteTitle "GM"]
[WhiteElo "2619"]
[BlackElo "2459"]
[WhiteFideId "4121830"]
[BlackFideId "21832030"]
[EventDate "2022.06.10"]

1. e4 c5 2. Nf3 d6 3. Bb5+ Nd7 4. O-O a6 5. Bd3 Ngf6 6. c3 b5 7. Bc2 Bb7 8. Re1
e6 9. d4 Be7 10. Nbd2 Qc7 11. Nf1 O-O 12. Ng3 Rfe8 13. Bd2 Bf8 14. h3 a5 15. a4
b4 16. Rc1 bxc3 17. Bxc3 cxd4 18. Nxd4 Qb6 19. Qd2 Ne5 20. Nb5 Rec8 21. Rcd1 Ne8
22. Ne2 Nc4 23. Qd3 Ba6 24. e5 g6 25. exd6 Ncxd6 26. Ned4 Bg7 27. Bb3 e5 28. Nf3
Bxb5 29. axb5 e4 30. Rxe4 Bxc3 31. bxc3 Nxe4 32. Qxe4 Qxb5 33. Bxf7+ Kxf7 34.
Rd5 Qxd5 35. Qxd5+ Ke7 36. Ne5 Nd6 37. c4 Nf5 38. Qd7+ Kf6 39. f4 Rf8 40. Ng4# 1-0

[Event "Prague International Open"]
[Site "Prague CZE"]
[Date "2022.06.12"]
[Round "4.3"]
[White "Moksh, Amit Doshi"]
[Black "Stremavicius, Titas"]
[Result "0-1"]
[WhiteTitle "IM"]
[BlackTitle "GM"]
[WhiteElo "2398"]
[BlackElo "2495"]
[WhiteFideId "25064967"]
[BlackFideId "12804444"]
[EventDate "2022.06.10"]

1. d4 d5 2. c4 e6 3. Nf3 Nf6 4. g3 dxc4 5. Qa4+ Nbd7 6. Bg2 a6 7. Nc3 Rb8 8.
Qxc4 b5 9. Qd3 Bb7 10. O-O c5 11. Bf4 Rc8 12. dxc5 Nxc5 13. Qxd8+ Rxd8 14. a3
Rc8 15. Rad1 Be7 16. Ne5 Bxg2 17. Kxg2 O-O 18. b4 Nb7 19. Rd3 Nd6 20. f3 Rfd8
21. Rfd1 Nfe8 22. Ne4 Nxe4 23. Rxd8 Rxd8 24. Rxd8 Bxd8 25. fxe4 Bf6 26. Nd3 Kf8
27. Kf3 Bc3 28. Be3 Ke7 29. e5 Nc7 30. Bc5+ Kd7 31. Bf8 g6 32. Bd6 Nd5 33. e4
Nb6 34. Nc5+ Kc6 35. Nxa6 Nc4 36. Nb8+ Kb7 37. Nd7 Nxd6 38. exd6 Kc6 39. Nc5
Kxd6 40. Nd3 h5 41. h3 Bd2 42. g4 e5 43. gxh5 gxh5 44. Ke2 Bc3 45. Ke3 Bd4+ 46.
Kf3 Ke6 47. Ke2 Kf6 48. Kf3 Kg5 49. Kg3 f5 50. h4+ Kf6 51. Kf3 Bc3 52. Ke3 Ba1
53. Kf3 Bd4 54. Ne1 Bc3 55. Nd3 Bd2 56. Nc5 Bc3 57. Nd3 Bd4 58. Ne1 Bb2 59. Nd3
Bxa3 60. Ke3 Ke6 61. Nc5+ Ke7 62. Nd3 fxe4 63. Nxe5 Ke6 64. Kxe4 Bxb4 65. Nd3
Bd6 66. Ne1 Bg3 67. Nf3 b4 68. Nd4+ Kf6 69. Nf3 Bf2 70. Nd2 Bxh4 71. Kf3 Ke5 72.
Nb3 Bg5 73. Kg3 Kd5 74. Kh3 Kc4 75. Na5+ Kc3 76. Kg3 Bd8 0-1

[Event "Prague International Open"]
[Site "Prague CZE"]
[Date "2022.06.12"]
[Round "4.4"]
[White "Garriga Cazorla, Pere"]
[Black "Suarez Uriel, Adrian"]
[Result "1-0"]
[WhiteTitle "IM"]
[BlackTitle "IM"]
[WhiteElo "2495"]
[BlackElo "2370"]
[WhiteFideId "32011601"]
[BlackFideId "22230874"]
[EventDate "2022.06.10"]

1. d4 Nf6 2. c4 g6 3. Nc3 d5 4. cxd5 Nxd5 5. e4 Nxc3 6. bxc3 Bg7 7. Qa4+ Nd7 8.
Nf3 O-O 9. Qa3 c5 10. Be2 Qc7 11. Be3 Rb8 12. Rb1 a6 13. dxc5 Nf6 14. Nd2 Bd7
15. O-O Bc6 16. f3 Nh5 17. f4 Rbd8 18. Qb4 e5 19. Bxh5 gxh5 20. Rbe1 Rd3 21. f5
Qd8 22. Nc4 Qf6 23. Nd6 Bh6 24. Bxh6 Qxh6 25. Qb2 Qd2 26. Qxd2 Rxd2 27. f6 h6
28. Re3 Kh7 29. Rg3 Rg8 30. Rf5 Rxg3 31. hxg3 b6 32. Nxf7 Bxe4 33. Ng5+ hxg5 34.
f7 Rxg2+ 35. Kf1 Bxf5 36. f8=Q Bh3 37. Qf7+ Kh6 38. Qf6+ Kh7 39. cxb6 Rxg3+ 40.
Ke1 Bg2 41. Qxe5 h4 42. Kf2 Bh1 43. c4 Kh6 44. c5 Rg2+ 45. Ke3 Rc2 46. Kd3 Rc1
47. Kd2 Rb1 48. Kc2 Rb4 49. a3 Rb5 50. Qd6+ Kh5 51. Qd1+ Kh6 52. Qxh1 1-0

[Event "Prague International Open"]
[Site "Prague CZE"]
[Date "2022.06.12"]
[Round "4.5"]
[White "Chan, Kim Yew"]
[Black "Karthik, Venkataraman"]
[Result "0-1"]
[WhiteTitle "FM"]
[BlackTitle "GM"]
[WhiteElo "2316"]
[BlackElo "2480"]
[WhiteFideId "5717981"]
[BlackFideId "25006479"]
[EventDate "2022.06.10"]

1. Nf3 d5 2. g3 Nc6 3. d4 Bf5 4. Bg2 Nb4 5. Na3 e6 6. O-O Nc6 7. c4 Bxa3 8. bxa3
Be4 9. Qa4 Qd7 10. Rd1 Nge7 11. Bf4 O-O 12. Rac1 Rfd8 13. Ne1 Bxg2 14. Kxg2 f6
15. Nd3 b6 16. Nb4 Nxb4 17. Qxb4 g5 18. Bd2 c6 19. a4 Rab8 20. Be1 Nf5 21. c5 b5
22. Qa3 Re8 23. Bc3 a6 24. Qb3 Qf7 25. Qc2 Ra8 26. Ra1 Qg6 27. Kg1 Kf7 28. axb5
axb5 29. a4 bxa4 30. Rxa4 Rxa4 31. Qxa4 Ne7 32. Qb3 Qe4 33. Rd2 Ra8 34. Ra2 Rxa2
35. Qxa2 h5 36. Qd2 Nf5 37. h3 Kg6 38. Qb2 g4 39. h4 Nh6 40. Bd2 Qxe2 0-1

[Event "Prague International Open"]
[Site "Prague CZE"]
[Date "2022.06.12"]
[Round "4.6"]
[White "Domalchuk-Jonasson, Aleksandr"]
[Black "Raja, Harshit"]
[Result "1/2-1/2"]
[BlackTitle "GM"]
[WhiteElo "2184"]
[BlackElo "2479"]
[WhiteFideId "14142805"]
[BlackFideId "5089000"]
[EventDate "2022.06.10"]

1. d4 Nf6 2. c4 e6 3. Nf3 d5 4. g3 Bb4+ 5. Bd2 a5 6. Bg2 O-O 7. O-O dxc4 8. Bxb4
axb4 9. Ne5 Nc6 10. Nxc6 bxc6 11. Bxc6 Ra5 12. e3 Ba6 13. Bf3 Qd6 14. Qc2 e5 15.
Rd1 b3 16. Qd2 Rxa2 17. Rxa2 bxa2 18. Nc3 exd4 19. exd4 Rb8 20. Ra1 g6 21. Rxa2
Kg7 22. Ra4 Re8 23. Kg2 h5 24. Qf4 Qb6 25. Nd5 Nxd5 26. Bxd5 Re7 27. Qf3 Qb5 28.
Bc6 Qb6 29. Bd5 Bb5 30. Rb4 f6 31. Qc3 c5 32. dxc5 Qxc5 33. Bf3 Rd7 34. Qe1 Kf7
35. Kg1 Rd3 36. Be4 Rd4 37. Bf3 Rd7 38. h4 Rd3 39. Bg2 Rxg3 40. Rxb5 Rxg2+ 41.
Kxg2 Qxb5 42. Qe4 Qa6 43. Qd5+ Ke7 44. Qe4+ Kd6 45. Qd4+ Kc7 46. f3 Qe6 47. Qc5+
Kd7 48. Kf2 Qc6 49. Qd4+ Ke6 50. Qe3+ Kf5 51. Qd4 g5 52. hxg5 fxg5 53. Qh8 Qc5+
54. Kg2 h4 55. Qg8 Kf4 56. Qe6 Qd4 57. Qg4+ Ke3 58. Qxg5+ Qf4 59. Qc5+ Kd2 60.
Qf2+ Kc1 61. Kh3 Kb1 62. Kg2 Ka2 63. Kh3 Qf5+ 64. Kh2 Qf4+ 65. Kh3 Kb1 66. Kg2
Ka1 67. Kh3 Ka2 68. Kg2 h3+ 69. Kxh3 Qh6+ 70. Kg4 Qg7+ 71. Kh5 Qe5+ 72. Kg6 Qxb2
73. Qxb2+ Kxb2 74. f4 1/2-1/2

[Event "Prague International Open"]
[Site "Prague CZE"]
[Date "2022.06.12"]
[Round "4.7"]
[White "Vishal Choudary B"]
[Black "Sedlak, Nikola"]
[Result "0-1"]
[BlackTitle "GM"]
[WhiteElo "2101"]
[BlackElo "2477"]
[WhiteFideId "46660852"]
[BlackFideId "922900"]
[EventDate "2022.06.10"]

1. e4 c6 2. d4 d5 3. Nc3 dxe4 4. Nxe4 Nf6 5. Nxf6+ exf6 6. c3 Qd5 7. Nf3 Bd6 8.
Be2 Bc7 9. c4 Qd6 10. O-O O-O 11. h3 Bf5 12. Be3 Be4 13. c5 Qd8 14. b4 Nd7 15.
Nd2 Bg6 16. b5 f5 17. bxc6 bxc6 18. Nb3 Nf6 19. Bg5 h6 20. Bh4 Bh7 21. Bxf6 Qxf6
22. d5 cxd5 23. Qxd5 Rad8 24. Qc4 Qe5 25. f4 Qe3+ 26. Kh1 g5 27. Rf3 Qe4 28.
fxg5 Qe5 29. g3 hxg5 30. Raf1 f4 31. gxf4 gxf4 32. Bd3 Rxd3 33. Rxd3 Be4+ 34.
Rdf3 Rd8 35. Kg1 Bxf3 36. Rxf3 Rd1+ 37. Rf1 Qe3+ 38. Kh1 Qxh3+ 39. Kg1 Qg3+ 40.
Kh1 f3 0-1

[Event "Prague International Open"]
[Site "Prague CZE"]
[Date "2022.06.12"]
[Round "4.8"]
[White "Simek, Petr2"]
[Black "Wagner, Dennis"]
[Result "1/2-1/2"]
[WhiteTitle "FM"]
[BlackTitle "GM"]
[WhiteElo "2332"]
[BlackElo "2584"]
[WhiteFideId "319260"]
[BlackFideId "24650684"]
[EventDate "2022.06.10"]

1. d4 Nf6 2. c4 e6 3. Nf3 d5 4. g3 dxc4 5. Bg2 c6 6. a4 Bb4+ 7. Bd2 a5 8. Qc2
O-O 9. Qxc4 Bxd2+ 10. Nbxd2 b6 11. Qc2 Ba6 12. Nc4 Nd5 13. O-O Nb4 14. Qc3 Nd7
15. Rfd1 Qc7 16. e4 Rac8 17. b3 Nf6 18. e5 Nfd5 19. Qd2 Rcd8 20. Nd6 h6 21. Rac1
Rd7 22. h4 Bd3 23. Bh3 Rfd8 24. h5 Qa7 25. Nh4 Qa6 26. Bg4 Bh7 27. Be2 Qa7 28.
g4 Rxd6 29. exd6 Rxd6 30. Nf3 Qe7 31. Ne5 Qf6 32. Bf3 Kf8 33. Kg2 Qh4 34. Rh1
Qd8 35. Nc4 Rd7 36. Ne5 Rd6 37. Nc4 Rd7 38. Ne5 1/2-1/2

[Event "Prague International Open"]
[Site "Prague CZE"]
[Date "2022.06.12"]
[Round "4.9"]
[White "Huzman, Alexander"]
[Black "Costa, Leonardo"]
[Result "1-0"]
[WhiteTitle "GM"]
[BlackTitle "FM"]
[WhiteElo "2539"]
[BlackElo "2325"]
[WhiteFideId "2803828"]
[BlackFideId "16213955"]
[EventDate "2022.06.10"]

1. Nf3 Nf6 2. c4 e6 3. d4 d5 4. g3 Be7 5. Bg2 O-O 6. O-O dxc4 7. Qc2 a6 8. a4
Bd7 9. Qxc4 Bc6 10. Bf4 Bd6 11. Qc1 Nbd7 12. Nc3 Rb8 13. Re1 b5 14. Rd1 b4 15.
Nb1 Bxf3 16. Bxf3 Qe7 17. a5 Bxf4 18. Qxf4 c5 19. Nd2 Rfc8 20. Rac1 e5 21. dxe5
Nxe5 22. Nc4 Nxf3+ 23. Qxf3 Rd8 24. Qe3 Kf8 25. Qxe7+ Kxe7 26. f3 Rxd1+ 27. Rxd1
Rd8 28. Rxd8 Kxd8 29. Kf2 Ke7 30. e4 Nd7 31. Ke3 f6 32. f4 Ke6 33. Kd3 h6 34.
Ne3 h5 35. Kc4 g6 36. Nd5 g5 37. Nb6 gxf4 38. Nxd7 Kxd7 39. gxf4 Kd6 40. h4 Kc6
41. e5 f5 42. e6 Kd6 43. e7 Kxe7 44. Kxc5 Ke6 45. b3 1-0

[Event "Prague International Open"]
[Site "Prague CZE"]
[Date "2022.06.12"]
[Round "4.10"]
[White "Iniyan, P"]
[Black "Van Dael, Siem"]
[Result "1-0"]
[WhiteTitle "GM"]
[BlackTitle "FM"]
[WhiteElo "2518"]
[BlackElo "2317"]
[WhiteFideId "25002767"]
[BlackFideId "1049771"]
[EventDate "2022.06.10"]

1. d4 Nf6 2. c4 g6 3. Nc3 Bg7 4. e4 d6 5. h3 e5 6. d5 a5 7. Be3 Na6 8. Nf3 Nc5
9. Nd2 Bd7 10. Be2 h5 11. Qc2 h4 12. b3 Nh5 13. Bxh5 Rxh5 14. Rb1 f5 15. a3 b6
16. b4 axb4 17. axb4 Na4 18. f3 Nxc3 19. Qxc3 Bh6 20. Bxh6 Rxh6 21. f4 fxe4 22.
fxe5 Bf5 23. e6 Qg5 24. O-O Rh7 25. Rbe1 Ra2 26. Re2 Qg3 27. Re3 Qg5 28. Rf2 Ke7
29. Nxe4 Ra1+ 30. Qxa1 Qxe3 31. Qf6+ Ke8 32. Ng5 1-0

[Event "Prague International Open"]
[Site "Prague CZE"]
[Date "2022.06.12"]
[Round "4.11"]
[White "Alsina Leal, Daniel"]
[Black "Sorm, Daniel"]
[Result "1/2-1/2"]
[WhiteTitle "GM"]
[BlackTitle "FM"]
[WhiteElo "2514"]
[BlackElo "2306"]
[WhiteFideId "2252627"]
[BlackFideId "5400139"]
[EventDate "2022.06.10"]

1. e4 c5 2. Nf3 e6 3. d4 cxd4 4. Nxd4 Nc6 5. Nc3 a6 6. Be2 d6 7. Be3 Nf6 8. g4
d5 9. exd5 Nxd5 10. Nxd5 exd5 11. Qd2 Bb4 12. c3 Be7 13. O-O-O O-O 14. Kb1 Ne5
15. Nf5 Bxf5+ 16. gxf5 Nc4 17. Bxc4 dxc4 18. Qxd8 Rfxd8 19. Bb6 Rd6 20. Rxd6
Bxd6 21. h3 Rc8 22. Rd1 Rc6 23. Be3 Kf8 24. Kc2 Ke7 25. Rd5 Bc7 26. Bc5+ Bd6 27.
Bd4 f6 28. b4 cxb3+ 29. axb3 Bc7 30. Bc5+ Ke8 31. f3 Be5 32. c4 g6 33. Be3 Rd6
34. fxg6 hxg6 35. Kd3 Rxd5+ 36. cxd5 f5 37. Kc4 Bd6 38. Bb6 Kd7 39. Kd4 Ba3 40.
Kc4 Be7 41. Ba5 Bg5 42. Kd4 Bf6+ 43. Kc5 Be7+ 44. Kd4 Bf6+ 45. Kc4 Bg5 46. Kd4 1/2-1/2

[Event "Prague International Open"]
[Site "Prague CZE"]
[Date "2022.06.12"]
[Round "4.12"]
[White "Gajic, Mladen"]
[Black "Santiago, Yago De Moura"]
[Result "0-1"]
[WhiteTitle "FM"]
[BlackTitle "GM"]
[WhiteElo "2325"]
[BlackElo "2509"]
[WhiteFideId "1709178"]
[BlackFideId "2103877"]
[EventDate "2022.06.10"]

1. e4 c6 2. Nf3 d5 3. exd5 cxd5 4. Ne5 Nf6 5. d4 Bf5 6. Bb5+ Nbd7 7. O-O a6 8.
Bd3 Bxd3 9. Nxd3 e6 10. Re1 Bd6 11. Nd2 Qc7 12. h3 O-O 13. c3 b5 14. Nf3 Ne4 15.
Nfe5 Nxe5 16. dxe5 Be7 17. Be3 a5 18. a3 Rfc8 19. Qg4 Nc5 20. Bxc5 Bxc5 21. a4
Bf8 22. axb5 Qb7 23. Qa4 Rc4 24. Qb3 a4 25. Qc2 Qxb5 26. Qd2 Rac8 27. Rec1 h6
28. g3 Rd8 29. Ne1 d4 30. Qe2 Rb8 31. Nd3 dxc3 32. bxc3 a3 33. Rc2 Rbc8 34. Qd2
Rd8 35. Qe2 Rc7 36. Nc1 Qa4 37. Raa2 Rdc8 38. Qd2 Qa5 39. Ne2 Qxe5 40. Nd4 Qd5 0-1